000 00765nam a2200241 4500
001 sa 68012201
003 DLC
005 20260227112608.0
008 700825s1966 pk s 00010 eng
010 _asa 68012201 //r70
025 _aPL480:P-E-1202
043 _aa-pk---
050 0 _aHA1730.5
_b.A8
082 _a312/.09549
100 1 0 _aAslam, Mohammad,
_d1931-
245 1 _aAbridged life tables of Pakistan & its provinces, 1962 (provisional).
_c[Prepared by M. Aslam.
260 0 _aKarachi]
_bCentral Statistical Office, Economic Affairs Division, Govt. of Pakistan,
_c1966.
300 _a59 p.
_c26 cm.
350 _aunpriced
500 _aCover title.
651 0 _aPakistan
_xStatistics, Vital.
710 1 0 _aPakistan.
_bCentral Statistical Office.
999 _c84379
_d84379